• 首页
  • 本馆介绍
  • 公告通知
  • 最新文献
  • 馆藏检索
  • 电子资源
  • 读者导购
  • 参考咨询
  • 我的图书馆
  • 登录
  • 详细信息显示
  • 放入我的书架
  • 预约/预借图书
  • 作者相关作品
  • 分类相关作品
  • 丛书相关作品
  • 出版社相关作品

书目信息

  • 表格格式
  • 工作单格式
  • 卡片格式
题名:
钢铁生产节能减排技术
    
 
作者: 王社斌 , 许并社 编著
分册:  
出版信息: 北京   化学工业出版社  2009
页数: 296页
开本: 24cm
丛书名: 节能减排丛书
单 册:
中图分类: TF4
科图分类:
主题词: 炼钢--节能--技术 , 炼钢 , 节能
电子资源:
ISBN: 978-7-122-04412-9
000 00973oam2 2200277 45
005 20100303150244.46
010    @a978-7-122-04412-9@dCNY49.00
100    @a20100120d2009 ekmy0chiy0120 ea
101 0  @achi
102    @aCN@b110000
105    @aa z 000yy
106    @ar
200 1  @a钢铁生产节能减排技术@AGang Tie Sheng Chan Jie Neng Jian Pai Ji Shu@f王社斌,许并社等编著@FWang She Bin, Xu Bing She Deng Bian Zhu
210    @a北京@c化学工业出版社@d2009
215    @a296页@c图@d24cm
225 2  @a节能减排丛书
330    @a本书共分8章,内容包括:生态工业带中的钢铁工业、钢铁冶金的节能减排、钢铁冶金的废气处理、钢铁冶金的废水处理、钢铁冶金固体废弃物的处理、钢铁生产的典型流程与分析等。
461  0 @12001 @a节能减排丛书
606 0  @a炼钢@x节能@x技术
606 0  @a炼钢
606 0  @a节能
690    @aTF4@v4
701  0 @a王社斌@AWang She Bin@4编著
701  0 @a许并社@AXu Bing She@4编著
801  0 @aCN@bTANGWEI@c20100303
905    @b0584516-20@dTF4@e30@f5
    
    钢铁生产节能减排技术/王社斌,许并社等编著.-北京:化学工业出版社,2009
    296页:图;24cm.-(节能减排丛书)
    
    
    ISBN 978-7-122-04412-9:CNY49.00
    本书共分8章,内容包括:生态工业带中的钢铁工业、钢铁冶金的节能减排、钢铁冶金的废气处理、钢铁冶金的废水处理、钢铁冶金固体废弃物的处理、钢铁生产的典型流程与分析等。
●
相关链接 在E读中查询图书 在五车中查询图书 在当当中查询图书 在豆瓣中查询图书


正题名:钢铁生产节能减排技术     索取号:TF4/30         预约/预借

序号 登录号 条形码 馆藏地/架位号 状态 备注
1 0584516   205845166   第二样本阅览室/ [索取号:TF4/30] 在馆    
2 0584517   205845175   密集书库/ [索取号:TF4/30] 在馆    
3 0584518   205845184   密集书库/ [索取号:TF4/30] 在馆    
4 0584519   205845193   第三借阅区/ [索取号:TF4/30] 在馆    
5 0584520   205845200   第三借阅区/ [索取号:TF4/30] 在馆    
唐山师范学院图书馆 欢迎您!
大连网信软件有限公司© 版权所有